<?xml version="1.0" encoding="UTF-8"?>
<marc:record xmlns:marc="http://www.loc.gov/MARC21/slim">
   <marc:leader>00000nam a2200000 a 4500</marc:leader>
   <marc:datafield ind1="1" ind2=" " tag="100">
      <marc:subfield code="a">Jakobs, Günther</marc:subfield>
      <marc:subfield code="4">aut</marc:subfield>
      <marc:subfield code="e">Verfasser/-in</marc:subfield>
   </marc:datafield>
   <marc:datafield ind1=" " ind2=" " tag="653">
      <marc:subfield code="a">Gutenachtgeschichte in Reimform</marc:subfield>
   </marc:datafield>
   <marc:datafield ind1=" " ind2=" " tag="653">
      <marc:subfield code="a">fantasievolles Pappbilderbuch zum Einschlafen</marc:subfield>
   </marc:datafield>
   <marc:datafield ind1=" " ind2=" " tag="653">
      <marc:subfield code="a">poetisches Bilderbuch für Kindergartenkind</marc:subfield>
   </marc:datafield>
   <marc:datafield ind1=" " ind2=" " tag="653">
      <marc:subfield code="a">Einschlafen leicht gemacht</marc:subfield>
   </marc:datafield>
   <marc:datafield ind1=" " ind2=" " tag="653">
      <marc:subfield code="a">Buch Kind Einschlafbegleitung</marc:subfield>
   </marc:datafield>
   <marc:datafield ind1=" " ind2=" " tag="653">
      <marc:subfield code="a">Gutenachtgeschichte mit Tieren</marc:subfield>
   </marc:datafield>
   <marc:datafield ind1=" " ind2=" " tag="653">
      <marc:subfield code="a">Softcover / Kinder- und Jugendbücher/Bilderbücher/Pappbilderbücher</marc:subfield>
   </marc:datafield>
   <marc:datafield ind1=" " ind2=" " tag="653">
      <marc:subfield code="a">Fühlbilderbücher</marc:subfield>
   </marc:datafield>
   <marc:datafield ind1=" " ind2=" " tag="653">
      <marc:subfield code="a">Pappbilderbücher mit und ohne Zusatzteile</marc:subfield>
   </marc:datafield>
   <marc:datafield ind1="0" ind2="0" tag="245">
      <marc:subfield code="a">Wenn der Mond in der Nacht über alle Tiere wacht ... gibt er auch auf dich gut acht</marc:subfield>
   </marc:datafield>
   <marc:datafield ind1="0" ind2="0" tag="245">
      <marc:subfield code="c">Jakobs, Günther</marc:subfield>
   </marc:datafield>
   <marc:datafield ind1=" " ind2="1" tag="264">
      <marc:subfield code="a">Hamburg</marc:subfield>
      <marc:subfield code="b">Carlsen</marc:subfield>
      <marc:subfield code="c">2021</marc:subfield>
   </marc:datafield>
   <marc:datafield ind1="1" ind2=" " tag="520">
      <marc:subfield code="a">Angaben aus der Verlagsmeldung

Wenn der Mond in der Nacht über alle Tiere wacht ... gibt er auch auf dich gut acht : Eine wunderbare Gutenachtgeschichte in Reimen ab 3 Jahren / von Günther Jakobs

Jeden Abend zählt der Mond die Sterne. Denn für jedes Tierjunge und für jedes Menschenkind, das schläft, strahlt ein Stern am Himmelszelt. Doch heute fehlen drei Sterne. Wer ist noch nicht eingeschlummert? Hier begleiten Kinder den Mond bei seiner Suche nach den drei ruhelosen Tierkindern und erleben mit, wie er jedem auf eine andere Art beim Einschlafen hilft.

Nach dem Erfolgstitel »Wenn der Mond die Sterne zählt« das zweite Buch von Günther Jakobs rund um den vertrauensvollen, hilfreichen und liebevollen Mondmann.

Ein atmosphärisches Gutenachtbuch in Reimen - so warmherzig, stärkend und beruhigend, dass auch die kleinen Zuhörer*innen und Betrachter*innen leichter in den Schlaf finden können. Das ist Poesie, die Kinder spüren.

</marc:subfield>
   </marc:datafield>
   <marc:datafield ind1=" " ind2=" " tag="020">
      <marc:subfield code="a">9783551170095</marc:subfield>
      <marc:subfield code="9">9783551170095</marc:subfield>
   </marc:datafield>
   <marc:datafield ind1=" " ind2=" " tag="020">
      <marc:subfield code="a">3551170096</marc:subfield>
      <marc:subfield code="9">3551170096</marc:subfield>
   </marc:datafield>
   <marc:datafield ind1=" " ind2=" " tag="041">
      <marc:subfield code="a">ger</marc:subfield>
   </marc:datafield>
   <marc:datafield ind1=" " ind2=" " tag="300">
      <marc:subfield code="a">24 Seiten</marc:subfield>
   </marc:datafield>
</marc:record>
